Batman : Super-Héros et Vilains de Gotham City - Statistiques

Statistiques générales
  • Ce quiz a été pris 79 fois
    53 depuis la dernière actualisation
  • Le résultat moyen est 19 sur 87
Statistiques - réponses
Super-Héros / Vilainsde Gotham Identités civiles % Correct
Batman Bruce Wayne
100%
Batgirl / Oracle Barbara Gordon
87%
Red Hood Jason Todd
85%
Nightwing Richard Dick Grayson
85%
Robin Damian Wayne
83%
Red Robin Tim Drake
81%
Catwoman Sélina Kyle
74%
Double-Face Harvey Dent
66%
Harley Quinn Harleen Quinzel
64%
Pingouin Oswald Chesterfield Cobblepot
55%
Épouvantail Jonathan Crane
51%
Signal Duke Thomas
47%
Poison Ivy Pamela Isley
47%
Mister Freeze Victor Fries
45%
Killer Croc Waylon Jones
34%
Sphinx / Homme Mystère Edward Nygma
32%
Gueule d'Argile Basil Karlo / Matt Hagen
30%
Docteur Hurt Thomas Wayne
30%
Joker Jack Napier / White
28%
Deathstroke Slade Wilson
28%
Batwoman Kate Kane
26%
Black Mask Roman Sionis
26%
Batgirl / Spoiler Stéphanie Brown
23%
Batgirl / Orphan Cassandra Cain
21%
Man-Bat Kirk Langstrom
21%
Batwing Luke Fox
21%
Silence / Hush Thomas Elliot
19%
Azrael Jean-Paul Valley
17%
Batman II Tim Jace Fox
17%
Black Canary Dinah Lance
15%
Deadshot Floyd Lawton
15%
Chapelier Fou Jervis Tetch
15%
Maxie Zeus Maximilian Zeus
15%
Question Renee Montoya
15%
Phantasm / Fantôme Masqué Andrea Beaumont
13%
Ventriloque Arnold Wesker
13%
Le Romain Carmine Falcone
13%
Solomon Grundy Cyrus Gold
13%
Firefly Garfield Lynns
13%
Huntress Héléna Bertinelli
13%
Creeper Jack Ryder
13%
Calendar Man / Almanach Julian Day
13%
Professeur Pyg Lazlo Valentine
13%
Anarky Lonnie Machin
13%
Le Boss Salvatore Maroni
13%
Green Lantern Alan Scott
11%
Taxidermiste / Dollmaker Barton Mathis
11%
Bronze Tiger Ben Turner
11%
Baby-Doll Mary Dahl
11%
Catman Thomas Blake
11%
Great White Shark Warren White
11%
Holiday Alberto Falcone
9%
Docteur Phosphorus Alexander Sartorius
9%
KGBeast Anatoli Knyazev
9%
Cluemaster / Maître des énigmes Arthur Brown
9%
Clownhunter Bao Pham
9%
Flamebird Bette Kane
9%
Talon / Ergot Calvin Rose
9%
Gotham Girl Claire Clover
9%
Killer Moth Drury Walker
9%
Flamingo Eduardo Flamingo
9%
Orpheus Gavin King
9%
Bluebird Harper Row
9%
Humpty Dumpty Humphry Dumpler
9%
Cheshire Jade N'Guyen
9%
Gentleman Ghost James Craddock
9%
Floronic Man Jason Woodrue
9%
Black Lightning Jefferson Pierce
9%
Reaper / Faucheur Judson Caspian
9%
Electrocuteur Lester Buchinsky
9%
Owlman Lincoln March
9%
Lock-Up / Double-Tour Lyle Bolton
9%
Ghost-Maker Minhkhoa Khan
9%
Mad Monk / Moine Fou Niccolai Tepes
9%
Ratcatcher Otis Flannegan
9%
Metamorpho Rex Mason
9%
Psycho-Pirate Roger Hayden
9%
Blockbuster Roland Desmond / Mark Desmond
9%
Ragman Rory Regan
9%
Roxy Rocket Roxanne Sutton
9%
Katana Tatsu Yamashiro
9%
Hitman Thomas Monaghan / Tommy Monaghan
9%
Roi du Temps William Tockman / Temple Fugate
9%
Kite-Man Charles Brown
6%
Magpie Margaret Pye
6%
Condiment King Buddy Sandler
0%
Wrath Elliot Caldwell
0%
Aucun quiz correspondant
Distribution des résultats
% des personnes avec chaque résultat
Percentile par nombre de réponses
Votre historique - résultats
Vous n’avez pas pris ce quiz depuis la dernière actualisation